000 00702nam a2200217Ii 4500
003 JO-AjNU
008 230605s9999||||xx |||||||||||||| ||und||
017 _a2010/2101
020 _a977-05-1964-2
040 _aJO-AjNU
_bara
_erda
_cJO-AjNU
041 _aara
050 1 4 _aPJ6073.I27 2010
100 3 _aتاليف أنيس،إبراهيم,
_eauthor
_934375
245 0 0 _aمن أسرار اللغة
264 3 1 _aالقاهرة:مكتبة الانجلو المصرية،2010
300 _a299ص
336 _atext
_btxt
_2rdacontent
337 _aunmediated
_bn
_2rdamedia
338 _avolume
_bnc
_2rdacarrier
650 4 _aاللغة العربية-من أسرار اللغة-اللغة
_934376
999 _aA14089
_c17657
_d17657